تاريخ العرب قبلاالاسلام) tarikh al Arab qablaal Islam / (Record no. 76093)
[ view plain ]
| 000 -LEADER | |
|---|---|
| fixed length control field | 01152nam a22002657a 4500 |
| 001 - CONTROL NUMBER | |
| control field | 76093 |
| 003 - CONTROL NUMBER IDENTIFIER | |
| rucl marc code | BD-RjUL |
| 005 - DATE AND TIME OF LATEST TRANSACTION | |
| control field | 20211209082805.0 |
| 008 - FIXED-LENGTH DATA ELEMENTS--GENERAL INFORMATION | |
| fixed length control field | 191024s19591951 ||||| |||| 00| 0 ara d |
| 035 ## - SYSTEM CONTROL NUMBER | |
| System control number | (BD-RjUL)76313 |
| 040 ## - CATALOGING SOURCE | |
| Original cataloging agency | BD-RjUL |
| Language of cataloging | eng |
| Transcribing agency | BD-RjUL |
| 041 ## - LANGUAGE CODE | |
| Language code of text/sound track or separate title | ara |
| 082 ## - DEWEY DECIMAL CLASSIFICATION NUMBER | |
| Edition number | 23 |
| Classification number | 953 |
| Author mark and year | ALT 1951-1959 |
| 100 ## - MAIN ENTRY--PERSONAL NAME | |
| Personal name | Ali, jawad جواد, على |
| 9 (RLIN) | 234023 |
| 245 ## - TITLE STATEMENT | |
| Title | تاريخ العرب قبلاالاسلام) tarikh al Arab qablaal Islam / |
| Statement of responsibility, etc. | jawad Ali ;; جواد على |
| 260 ## - PUBLICATION, DISTRIBUTION, ETC. (IMPRINT) | |
| Place of publication, distribution, etc. | العراقى: |
| Name of publisher, distributor, etc. | ; مطبوعات المجمع العسلمي |
| Date of publication, distribution, etc. | 1952 |
| 300 ## - PHYSICAL DESCRIPTION | |
| Pagination | v. 1-8 |
| Size | 23 cm. |
| 504 ## - BIBLIOGRAPHY, ETC. NOTE | |
| Bibliography, etc | Includes Index |
| 505 ## - FORMATTED CONTENTS NOTE | |
| Formatted contents note | مضمونه: الجزء ١-:٤ القسم السياسى. ١٣٧٩[والصواب ١٣٦٩هج] ١٩٥٠[م] - ١٣٧٤[هج] ١٩٥٤[م] |
| Formatted contents note | .الجزء ٥-:٦ القسم الدينى. ١٣٧٤[هج] ١٩٥٥[م] - ١٣٧٥[هج] ١٩٥٦[م] |
| Formatted contents note | الجزء :٧ القسم اللغوى. ١٣٧٦[هج] ١٩٥٧[م]. |
| Formatted contents note | الجزء :٨ القسم الاجتماعى والثقافى. ١٣٧٨[هج] ١٩٥٩ |
| 650 ## - SUBJECT ADDED ENTRY--TOPICAL TERM | |
| Topical term or geographic name as entry element | History |
| Form subdivision | Arab |
| 9 (RLIN) | 234024 |
| 942 ## - ADDED ENTRY ELEMENTS (KOHA) | |
| Source of classification or shelving scheme | Dewey Decimal Classification |
| Koha item type | Books |
| Lost status | Source of classification or shelving scheme | Damaged status | Not for loan | Collection code | Permanent Location | Current Location | Shelving location | Date acquired | Total Checkouts | Full call number | Date last seen | Copy number | Koha item type | Source of acquisition |
|---|---|---|---|---|---|---|---|---|---|---|---|---|---|---|
| Dewey Decimal Classification | Not For Loan | Non-fiction | Central Library, University of Rajshahi | Central Library, University of Rajshahi | Reading Room | 24/10/2019 | A 953 ALT 1955 V: 5-6 | 24/10/2019 | C-1 | Books | ||||
| Dewey Decimal Classification | Not For Loan | Non-fiction | Central Library, University of Rajshahi | Central Library, University of Rajshahi | Reading Room | 16/09/2021 | A 953 ALT V-2 1952 | 16/09/2021 | c-1 | Books | ||||
| Dewey Decimal Classification | Not For Loan | Non-fiction | Central Library, University of Rajshahi | Central Library, University of Rajshahi | Reading Room | 16/09/2021 | A 953 ALT V-3 1953 | 16/09/2021 | c-1 | Books | ||||
| Dewey Decimal Classification | Not For Loan | Non-fiction | Central Library, University of Rajshahi | Central Library, University of Rajshahi | Reading Room | 16/09/2021 | A 953 ALT V-4 1954 | 16/09/2021 | c-1 | Books | ||||
| Dewey Decimal Classification | Not For Loan | Non-fiction | Central Library, University of Rajshahi | Central Library, University of Rajshahi | Reading Room | 18/02/1663 | A 953 ALT V-5 1955 | 16/09/2021 | c-1 | Books | zeitlinger | |||
| Dewey Decimal Classification | Not For Loan | Non-fiction | Central Library, University of Rajshahi | Central Library, University of Rajshahi | Reading Room | 16/09/2021 | A 953 ALT V-7 1957 | 16/09/2021 | c-1 | Books | ||||
| Dewey Decimal Classification | Non-fiction | Central Library, University of Rajshahi | Central Library, University of Rajshahi | 16/09/2021 | A 953 ALT V-7 1957 | 16/09/2021 | c-2 | Books | ||||||
| Dewey Decimal Classification | Not For Loan | Non-fiction | Central Library, University of Rajshahi | Central Library, University of Rajshahi | Reading Room | 16/09/2021 | A 953 ALT V-8 1959 | 16/09/2021 | c-1 | Books | ||||
| Dewey Decimal Classification | Non-fiction | Central Library, University of Rajshahi | Central Library, University of Rajshahi | 16/09/2021 | A 953 ALT V-8 1959 | 16/09/2021 | c-2 | Books |